Essential english for engineers workbook

Bibliographic Details
Main Author: Pichaničová, Natália (Author)
Format: Book
Language:English
Published: V Košiciach Technická univerzita 2002
Edition:1. vyd.
Subjects:

MARC

LEADER 00000nam a2200000 a 4500
001 vtls001448784
003 SK-MaSNL
005 20260301091609.0
008 251117s xo p r eng
015 |a SNBA2003/10-03486 
020 |a 8070998571 
035 |a SNK000404050 
035 |a urn:nbn:sk:snk-amlruq 
035 |a urn:nbn:sk:snk-am00c9dt 
035 |a EBA5460D-4AED-483E-ADF4-64DF552ECC5E 
040 |a SNK  |b slo  |c SNK  |e AACR2 
041 0 |a eng 
044 |a xo  |c SK 
072 7 |a 811.111  |2 konspekt 
080 |a 811.111:62(075.8)(076.5)  |2 2. slo 
080 |a 62  |2 2. slo 
080 |a 62  |2 1981 
080 |a 811.111  |2 1981 
080 |a 81`373.46  |2 1981 
080 |a (075.8)  |2 1981 
080 |a (076.1)  |2 1981 
100 1 |a Pichaničová, Natália  |4 aut  |9 39549 
245 1 |a Essential english for engineers  |b workbook  |c Natália Pichaničová 
250 |a 1. vyd. 
260 |a V Košiciach  |b Technická univerzita  |c 2002 
300 |a 71 s.  |b tab.  |c 29 cm 
500 |a 100 výt. 
504 |a Bibliogr. s. 73 
650 0 7 |a angličtina  |x technika  |x zošity pracovné  |2 SNK  |9 421117 
650 0 7 |a technika  |2 SNK  |9 671 
650 0 7 |a angličtina  |2 SNK 
650 0 7 |a odborná terminológia  |2 SNK  |9 3616 
655 7 |a Textbooks (higher)  |2 SNKPHeng  |9 276436 
655 7 |a učebnice vysokých škôl  |2 SNKPH  |9 70191 
655 7 |a učebnice  |2 SNK  |9 22521 
655 7 |a učebnice vysokých škôl  |2 SNK  |9 70191 
655 7 |a pracovné zošity  |2 SNK  |9 70188 
752 |d Košice 
919 |a 80-7099-857-1 
958 0 7 |a NB 
958 |a OND 
968 |d 81 
999 |c 671621  |d 673551 
952 |t P60, <03>, [BOOK], {603}  |a SNK  |b SNK  |y PREZ  |7 0  |p 17A0374346  |o snkSB 66256  |i snkKSP 1694/2003  |0 0  |1 0  |4 0  |d 2003-02-07  |f 1  |l 0  |r 2025-04-17 00:00:00  |w 2026-02-23 
952 |t P60, <04>, [BOOK], {604}  |a SNK  |b SNK  |y VYP  |7 0  |p 17A0374347  |o snkSB 66256 D1  |i snkKSP 1695/2003  |0 0  |1 0  |4 0  |d 2003-02-07  |l 0  |r 2005-01-02 00:00:00  |w 2026-02-23